|
|
|
|
| LEADER |
00000nam0a2200000 4500 |
| 001 |
329415 |
| 005 |
20231102004146.0 |
| 035 |
|
|
|a (RuTPU)RU\TPU\book\355175
|
| 090 |
|
|
|a 329415
|
| 100 |
|
|
|a 20170314d1958 km y0rusy50 ca
|
| 101 |
0 |
|
|a rus
|
| 102 |
|
|
|a RU
|
| 105 |
|
|
|a a z 000zy
|
| 200 |
1 |
|
|a Учет выполнения норм и их анализ в нефтедобывающей промышленности
|f С. Ф. Камышев
|g Всесоюзный научно-исследовательский институт буровой техники
|
| 210 |
|
|
|a Москва
|c Гостоптехиздат
|d 1958
|
| 215 |
|
|
|a 48 с.
|c ил.
|
| 606 |
1 |
|
|a Нефтегазодобывающая промышленость
|x Анализ хозяйственной деятельности
|2 stltpush
|3 (RuTPU)RU\TPU\subj\45579
|9 64772
|
| 610 |
1 |
|
|a нормы
|
| 610 |
1 |
|
|a учет
|
| 610 |
1 |
|
|a анализ
|
| 610 |
1 |
|
|a отчетность
|
| 610 |
1 |
|
|a документация
|
| 610 |
1 |
|
|a бурение
|
| 610 |
1 |
|
|a машиностроение
|
| 610 |
1 |
|
|a геолого-разведочные работы
|
| 610 |
1 |
|
|a строительство
|
| 675 |
|
|
|a 622.323.012:658.5
|v 4
|
| 700 |
|
1 |
|a Камышев
|b С. Ф.
|g Севастьян Филиппович
|
| 712 |
0 |
2 |
|a Всесоюзный научно-исследовательский институт буровой техники
|2 stltpush
|3 (RuTPU)RU\TPU\col\12538
|9 25442
|
| 801 |
|
1 |
|a RU
|b 63413507
|c 20170314
|
| 801 |
|
2 |
|a RU
|b 63413507
|c 20170316
|g RCR
|
| 942 |
|
|
|c BK
|